000 00388nam a2200157Ia 4500
008 230917s9999||||xx |||||||||||||| ||und||
040 _e109215
_aMAIN
041 _aEnglish
082 _a515.3 P675D
100 _aPiskunov, N
245 0 _aDifferential and integral calculus. V1
250 _a2nd ed.
260 _aNew Delhi
_bCBS Publishers
_c1996
300 _a471 p.
942 _cBK
999 _c129559
_d129559